Guess the Noah Kahan Song by the Literal Meaning - Statistics

General Stats
  • This quiz has been taken 130 times
  • The average score is 15 of 19
Answer Stats
Meaning Song % Correct
The temperament of the opposite of South Northern Attitude
96%
A Breakfast beverage Orange Juice
96%
A holiday in October Halloween
95%
A state near New Hampshire Maine
93%
Becoming older, horizontally Growing Sideways
92%
Always Forever
91%
Dialing your parent Call Your Mom
89%
Person who said "the British are coming" Paul Revere
87%
Looking between cities The View Between Villages
86%
I call her then... She Call's Me Back
84%
Wanting to go back to where you live Homesick
82%
Different View Point New Perspective
82%
An unconventional flavor of Liquor Strawberry Wine
81%
Calling someone impaired Dial Drunk
72%
All of it Everywhere, Everything
72%
Hangout with me Come Over
71%
What happens to trees in the winter Stick Season
66%
Everythings Great No Complaints
39%
This girl's house Sarah's Place
37%
No matching quizzes found
Score Distribution
Percent of People with Each Score
Percentile by Number Answered
Your Score History
You have not taken this quiz